Statistics for You Season 1- Netlfix Series Quiz

Click here to take the quiz!

General Stats

  • This quiz has been taken 282 times
  • The average score is 10 of 14

Answer Stats

QuestionAnswer% Correct
What is that name of the boy who lives next to Joe?Paco
93%
Which of the following characters had their head smashed while running in the park?Peach
87%
What is the bookstore called?Mooneys
86%
Who was the name of Beck's therapistDr Nicky
81%
Who was Claudia's abusive boyfriend?Ron
81%
What happended in the video that exposed Annika?She made a racist statement
73%
What is the name of Joe's girlfriend after he breaks up with Beck?Karen
72%
Who was the first person Joe killed?His mom's boyfriend
65%
Who was the first person to be locked into the glass cage (that was shown in the film)?Young Joe
60%
What caused Mr Mooney to end up paralysed?He had a stroke
58%
What was the title for episode 5?Living with the enemy
57%
Which of the following characters is in Beck's friend groupLynn
53%
Which university did Peach and Beck meet?Brown university
47%
Which of the following killed a man by drowing himBenji
40%

Score Distribution

Percentile by Number Answered

Percent of People with Each Score

Your Score History

You have not taken this quiz